| 000 | 004820000a22001930004500 | ||
|---|---|---|---|
| 001 | 001232 | ||
| 003 | MACL | ||
| 005 | 20150821122741.0 | ||
| 008 | 150821b xxu||||| |||| 00| 0 eng d | ||
| 040 |
_aMACL _cMACL |
||
| 041 | _aEnglish | ||
| 082 | _a616/LAL | ||
| 100 |
_aLala, R.M. _96439 |
||
| 245 |
_aCelebration of the Cells _bLetters From A Cancer Survior _cR.M. Lala |
||
| 260 |
_aNew Delhi _c1999 _bViking, |
||
| 350 | _a295 | ||
| 650 |
_aScience _96440 |
||
| 942 |
_k616 _cBK _2ddc |
||
| 999 |
_c1227 _d1227 |
||